Loading...
| History - American History | 0 | 4 | 0 | 0 | 40 | 97 | 122.00 | 0 | 0 |
| History - European History | 0 | 4 | 0 | 0 | 40 | 109 | 134.00 | 0 | 0 |
| History - Other History | 0 | 3 | 0 | 1 | 30 | 130 | 139.33 | 0 | 0 |
| Current Events | 0 | 3 | 1 | 0 | 25 | 90 | 93.00 | 0 | 0 |
| Science - Physics | 0 | 2 | 0 | 0 | 20 | 69 | 90.50 | 1 | 1 |
| Literature - American Literature | 0 | 1 | 0 | 1 | 10 | 145 | 145.00 | 0 | 0 |
| Science - Biology | 0 | 1 | 0 | 0 | 10 | 116 | 116.00 | 0 | 0 |
| Philosophy | 0 | 1 | 1 | 0 | 5 | 156 | 156.00 | 0 | 0 |
| Religion | 0 | 1 | 1 | 1 | 5 | 163 | 163.00 | 0 | 0 |
| Social Science | 0 | 1 | 1 | 0 | 5 | 134 | 134.00 | 0 | 0 |
| Literature - British Literature | 0 | 0 | 0 | 0 | 0 | 0.00 | 0 | 0 | |
| Fine Arts - Painting & Sculpture | 0 | 0 | 0 | 0 | 0 | 0.00 | 0 | 0 | |
| History - World History | 0 | 1 | 4 | 0 | -10 | 115 | 115.00 | 0 | 1 |